Производство и применение жидких парафинов

Podrobná bibliografie
Hlavní autor: Мартыненко А. Г. Алла Григорьевна
Jazyk:ruština
Vydáno: Москва, Химия, 1978
Témata:
Médium: MixedMaterials Kniha
KOHA link:https://koha.lib.tpu.ru/cgi-bin/koha/opac-detail.pl?biblionumber=92654

MARC

LEADER 00000nam0a2200000 4500
001 92654
005 20231031104758.0
035 |a (RuTPU)RU\TPU\book\99259 
090 |a 92654 
100 |a 20060316d1978 km y0rusy50 ca 
101 0 |a rus 
102 |a RU 
105 |a a z 001zy 
200 1 |a Производство и применение жидких парафинов  |f А. Г. Мартыненко 
210 |a Москва  |c Химия  |d 1978 
215 |a 271 с.  |c ил. 
320 |a Библиогр. в конце глав 
610 1 |a парафины 
610 1 |a производство 
610 1 |a применение 
610 1 |a очистка 
675 |a 665.637.7  |v 3 
700 1 |a Мартыненко  |b А. Г.  |g Алла Григорьевна 
801 1 |a RU  |b 63413507  |c 20060316  |g PSBO 
801 2 |a RU  |b 63413507  |c 20160516  |g PSBO 
942 |c BK